000 00667cab a2200193 4500
001 ABS42339
008 090401t1990 xxu||||| |||| 00| 0 eng d
035 _a(Sirsi) u36276
041 _aeng
100 _aBurnett-Hall, R.
245 _aCarrying out an environmental audit
260 _c1990
350 _a0
490 _aCompany Secretary`s Review
_v13(2) 7 March 1990, 169-170(2)
520 _aExamines the necessity for, and the means of conducting, regular environmental audits with the legal requirements of companies towards the environment becoming more stringent.
690 _aENVIRONMENTAL AND LAND CONSULTANCY
942 _n0
948 _c04/03/1997
999 _c23616
_d23616